000 00451nam a2200181Ia 4500
005 20250423094400.0
008 250422s9999 xx 000 0 und d
020 _a9780702034473
050 _aQP 365.5 .A33/
245 0 _aAids to the examination of the peripheral nervous system
250 _a5th ed.
260 _aNew York
260 _bSaunders Elsevier
260 _c2010
300 _a63 p
650 _aNerves, Peripheral.
942 _cBK
999 _c27073
_d27073